Catálogo

La dimensión ambiental en los albores del siglo XXI : (Registro nro. 50081)

Detalles MARC
000 -LEADER
fixed length control field 01630cam a2200373 i 4500
001 - CONTROL NUMBER
control field 50081
003 - CONTROL NUMBER IDENTIFIER
control field Mx-PuUPA
005 - DATE AND TIME OF LATEST TRANSACTION
control field 20250825115500.0
008 - FIXED-LENGTH DATA ELEMENTS--GENERAL INFORMATION
fixed length control field 140415s2015 mx ad gr 000 0 spa d
020 ## - INTERNATIONAL STANDARD BOOK NUMBER
International Standard Book Number 9786070270031
Qualifying information rústica
020 ## - INTERNATIONAL STANDARD BOOK NUMBER
International Standard Book Number 9786070269875
Qualifying information colección rústica
040 ## - CATALOGING SOURCE
Original cataloging agency Mx-PuUPA
Language of cataloging spa
Transcribing agency Mx-PuUPA
Modifying agency Mx-PuUPA
Description conventions rda
041 0# - LANGUAGE CODE
Language code of text/sound track or separate title spa
043 ## - GEOGRAPHIC AREA CODE
Geographic area code n-mx---
245 03 - TITLE STATEMENT
Title La dimensión ambiental en los albores del siglo XXI :
Remainder of title miradas desde la diversidad. Encuesta nacional de medio ambiente /
Statement of responsibility, etc. coordinadora, Mireya Atzala Ímaz Gispert ; Marjory González vivanco, José Luis Gutiérrez Padilla, Paula Vargas Pellicer [y otros cinco]
250 ## - EDITION STATEMENT
Edition statement Primera edición /
Remainder of edition statement agosto
264 #1 - PRODUCTION, PUBLICATION, DISTRIBUTION, MANUFACTURE, AND COPYRIGHT NOTICE
Place of production, publication, distribution, manufacture México, D.F. :
Name of producer, publisher, distributor, manufacturer Universidad Nacional Autónoma de México : Instituto de Investigaciones Jurídicas,
Date of production, publication, distribution, manufacture, or copyright notice 2015
300 ## - PHYSICAL DESCRIPTION
Extent 202 páginas :
Other physical details ilustraciones, gráficas ;
Dimensions 23 cm
336 ## - CONTENT TYPE
Fuente rdacontent
Content type term texto
Content type code txt
337 ## - MEDIA TYPE
Source rdamedia
Media type term sin medio
Media type code n
338 ## - CARRIER TYPE
Source rdacarrier
Carrier type term volumen
Carrier type code nc
490 0# - SERIES STATEMENT
Series statement Los mexicanos vistos por sí mismos. Los grandes temas nacionales ;
Volume/sequential designation 16
651 #4 - SUBJECT ADDED ENTRY--GEOGRAPHIC NAME
Geographic name México
General subdivision Condiciones ambientales
-- Opinión pública
651 #4 - SUBJECT ADDED ENTRY--GEOGRAPHIC NAME
Geographic name México
General subdivision Ecología
700 1# - ADDED ENTRY--PERSONAL NAME
9 (RLIN) 17323
Personal name Ímaz Gispert, Mireya A.,
Relator term coordinador
700 1# - ADDED ENTRY--PERSONAL NAME
Personal name González vivanco, Marjory,
Relator term autor
700 1# - ADDED ENTRY--PERSONAL NAME
Personal name Gutiérrez Padilla, José Luis,
Relator term autor
700 1# - ADDED ENTRY--PERSONAL NAME
Personal name Vargas Pellicer, Paula,
Relator term autor
942 ## - ADDED ENTRY ELEMENTS (KOHA)
Source of classification or shelving scheme Dewey Decimal Classification
Koha item type Libro
Classification part 333.72072
Item part D58
Existencias
Withdrawn status Lost status Source of classification or shelving scheme Damaged status Not for loan Collection code Home library Current library Shelving location Date acquired Source of acquisition Total Checkouts Full call number Barcode Date last seen Price effective from Koha item type
    Dewey Decimal Classification     General Biblioteca Karol Wojtyla Biblioteca Karol Wojtyla Sala general 03/12/2013 Donación   333.72072 D58 2015 48133 05/01/2026 03/12/2013 Libro